Complete the Movie Title (1966) - Statistics

General Stats
  • This quiz has been taken 109 times
  • The average score is 12 of 25
Answer Stats
Hint Answer % Correct
The Good, the Bad and the _____ Ugly
91%
The Fortune _____ Cookie
79%
A Man for All _____ Seasons
79%
The _____ of Hearts King
69%
Torn _____ Curtain
64%
The _____ That Almost Wasn't Christmas
63%
A Funny Thing Happened on the Way to the _____ Forum
63%
Three on a _____ Couch
56%
Our Man _____ Flint
54%
Fantastic _____ Voyage
54%
How to Steal a _____ Million
53%
This _____ Is Condemned Property
53%
Georgy _____ Girl
51%
The Sand _____ Pebbles
51%
The _____ in the Beginning... Bible
49%
_____, Hawaiian Style Paradise
44%
Triple _____ Cross
39%
The Ugly _____ Dachshund
39%
Madame _____ X
39%
_____ Blaise Modesty
37%
The Trouble with _____ Angels
31%
Closely Watched _____ Trains
29%
The Night of the _____ Grizzly
27%
The Ghost and Mr. _____ Chicken
26%
The Blue _____ Max
9%
No matching quizzes found
Score Distribution
Percent of People with Each Score
Percentile by Number Answered
Your Score History
You have not taken this quiz